000 00888cam a2200289 4500
001 1342100
003 OSt
005 20170927153514.0
008 720412t19721971iaua b 001 0 eng
010 _a 79129604
040 _aDLC
_cDLC
_dDLC
043 _an------
082 _a599
_bBOO 1961
100 1 _aBooth, Ernest S.
_q(Ernest Sheldon)
_912167
245 1 0 _aHow to know the mammals
_c[by] Ernest S. Booth.
250 _a2nd.ed.
260 _aDubuque, Iowa,
_bW. C. Brown Co.
_c1961
300 _a203 p.
_billus.
_c22 cm.
490 0 _aPictured-key nature series
504 _aBibliography: p. 11-13.
650 0 _aMammals
_zNorth America
_xIdentification.
_912168
650 0 _aMammals
_xIdentification.
_912169
650 0 _aMammals
_xCollection and preservation.
_912170
740 0 _aMammals.
906 _a7
_bcbc
_corignew
_d2
_encip
_f19
_gy-gencatlg
942 _2ddc
_cO_SHELF
999 _c5852
_d5852